2018 12th International Pipeline Conference- Volume 2: Pipeline Safety Management Systems; Project Management, Design, Construction, and Environmental Issues; Strain Based Design; Risk and Reliability; Northern Offshore and Production Pipelines

Detalles Bibliográficos
Formato: Electrónico Revista
Idioma:English
Publicado: ASME
Acceso en liña:Full text available on ASME[2018-2018]
Off-campus access
LEADER 01131cas a2200181 a 4500
001 AALConferenceProceedingsASME000981
008 230101c9999 xx r poo 0 0eng d
020 |a 978-0-7918-5187-6 
040 |a BD-DhAAL  |c BD-DhAAL 
245 0 0 |h [electronic resource]  |a 2018 12th International Pipeline Conference- Volume 2: Pipeline Safety Management Systems; Project Management, Design, Construction, and Environmental Issues; Strain Based Design; Risk and Reliability; Northern Offshore and Production Pipelines 
260 |b ASME 
300 |a 1 online resource 
500 |a <strong>Off-Campus Access:</strong> Athens ID and Password Required 
500 |a <strong>On-Campus Access:</strong> No User ID or Password Required 
506 |a Electronic access restricted to authorized BRAC University faculty, staff and students 
538 |a Mode of access: Internet 
856 4 0 |z Full text available on ASME[2018-2018]  |u https://asmedigitalcollection.asme.org/IPC/IPC2018/volume/51876 
856 4 0 |z Off-campus access  |u https://go.openathens.net/redirector/bracu.ac.bd?url=https%3A%2F%2Fasmedigitalcollection.asme.org%2FIPC%2FIPC2018%2Fvolume%2F51876